| 000 | 00456nam a22001577a 4500 | ||
|---|---|---|---|
| 008 | 211115b |||||||| |||| 00| 0 eng d | ||
| 020 | _a0471411361 | ||
| 050 |
_aQP514.2 _b.T49 2002 |
||
| 245 |
_aTextbook of Biochemistry with Clinical Correlations _cEdited by Thomas M. Devlin |
||
| 250 | _a5th ed. | ||
| 260 |
_aNew York _bJohn Wiley _c2002 |
||
| 300 | _axxiv. 1216p. | ||
| 650 | _aBiochemistry | ||
| 650 | _aClinical biochemistry | ||
| 942 |
_2lcc _cBK |
||
| 999 |
_c19120 _d19119 |
||